| 000 -ლიდერი |
| ფიქსირებული სიგრძის საკონტროლო ველი |
01665nam a22002537a 4500 |
| 003 - საკონტროლო ნომრის იდენტიფიკატორი |
| საკონტროლო ველი |
Ge_BSU |
| 005 - ბოლო ოპერაციის თარიღი და დრო |
| საკონტროლო ველი |
20220411122024.0 |
| 008 - ფიქსირებული სიგრძის მონაცემთა ელემენტები - ზოგადი ინფორმაცია |
| ფიქსირებული სიგრძის საკონტროლო ველი |
220411s2010 ge ||||| |||| 00| 0 geo d |
| 020 ## - წიგნის საერთაშორისო სტანდარტული ნომერი |
| International Standard Book Number |
9789941129865 |
| 041 ## - ენის კოდი |
| Language code of text/sound track or separate title |
geo |
| 080 ## - უნივერსალური ათობითი კლასიფიკაციის ინდექსი |
| Universal Decimal Classification number |
338.22(075.8) შ-95 |
| 100 ## - მთავარი ჩანაწერი - პიროვნების სახელი |
| Personal name |
შურღაია, ომარ |
| 9 (RLIN) |
13660 |
| 245 ## - ცნობა სათაურის შესახებ |
| Title |
მცირე ბიზნესის საფუძვლები : თეორია, პრაქტიკა, გამოცდილება, საკანონმდებლო ბაზა : |
| Remainder of title |
დამხმ. სახელმძღვ. ეკონ. პროფ. ფაკ. სტუდ. / |
| Statement of responsibility, etc |
ომარ შურღაია ; [მეცნ. რედ. რევაზ გოგოხია ; რედ. გაგა შურღაია] ; თბილ. ეკონ. ურთიერთობათა სახელმწ. უნ-ტი. |
| 264 ## - წარმოების, გამოცემის, დისტრიბუციის და სხვა ცნობები |
| გამოცემის, წარმოების, დისტრიბუციის... ადგილი |
თბ. : |
| გამოცემის, წარმოების, დისტრიბუციის... სახელწოდება |
უნივერსალი, |
| გამოცემის, წარმოების, დისტრიბუციის... თარიღი |
2010. |
| 300 ## - ფიზიკური აღწერა |
| Extent |
568 გვ. : |
| Other physical details |
ცხრ. ; |
| Dimensions |
20 სმ. |
| 501 ## - შენიშვნა თანმხლებ მასალაზე |
| With note |
მცირე განმარტ. ლექსიკონი: გვ. 417-521. |
| 504 ## - BIBLIOGRAPHY, ETC. NOTE |
| Bibliography, etc |
ბიბლიოგრ. ტექსტ. შენიშვნ. და თავების ბოლოს |
| 520 ## - SUMMARY, ETC. |
| Summary, etc |
რეზ. რუს. |
| 653 ## - INDEX TERM--UNCONTROLLED |
| Uncontrolled term |
მცირე ბიზნესი |
| 700 ## - ADDED ENTRY--PERSONAL NAME |
| Personal name |
გოგოხია, რევაზ |
| Relator term |
რედაქტორი |
| 9 (RLIN) |
3350 |
| 700 ## - ADDED ENTRY--PERSONAL NAME |
| Personal name |
შურღაია, გაგა |
| Relator term |
რედაქტორი |
| 9 (RLIN) |
13661 |
| 710 ## - ADDED ENTRY--CORPORATE NAME |
| Corporate name or jurisdiction name as entry element |
თბილ. ეკონ. ურთიერთობათა სახელმწ. უნ-ტი |
| 9 (RLIN) |
13662 |
| 942 ## - ADDED ENTRY ELEMENTS (KOHA) |
| Source of classification or shelving scheme |
|
| Koha item type |
წიგნი |